000
00324nam a2200133Ia 4500
005
20251222152655.0
008
251222s9999||||xx |||||||||||||| ||spa||
020
_a
964661837
082
_a
636.296.6/B81/Ej.2
100
_a
Bradford, B. Smith
245
0
_a
Llama And Alpaca Neonatal Care
250
_a
2da.ed.
942
_c
LIB
999
_c
28604
_d
28604